Champions League Winners Both as Player and as Manager - Statistics

General Stats
  • This quiz has been taken 42 times
  • The average score is 5 of 7
Answer Stats
Wins as Player Wins as Manager Last Win Nationality Winner % Correct
1 3 2018 French Zinédine Zidane
100%
1 3 2023 Spanish Pep Guardiola
95%
2 5 2024 Italian Carlo Ancelotti
87%
3 1 1992 Dutch Johan Cruyff
87%
3 1 2006 Dutch Frank Rijkaard
76%
2 1 1985 Italian Giovanni Trapattoni
24%
3 2 1966 Spanish Miguel Muñoz
13%
No matching quizzes found
Score Distribution
Percent of People with Each Score
Percentile by Number Answered
Your Score History
You have not taken this quiz